000 00951nam1a2200301 i 4500
001 RU\NLR\BIBL_A\012121578
005 20240727041836.0
035 _a(NLR Aleph) 012121578
090 _a11995902
_c11995902
100 _a20191007g20199999um y0rusy50 ca
101 0 _arus
102 _aRU
105 _a||||z||||||||
200 1 _aЖажда власти
_e[фантастический роман]
210 _aМосква
_cАСТ
_cЖанровая литература
_d2019-
215 _d22
225 1 _aМиры и войны Сергея Тармашева
309 _aПред. кн. вышла ненумер
320 _aДр. кн. авт. на 2-й с.
333 _a16+
686 2 _aШ6(2=Р)8-445
700 1 _aТармашев
_bС. С.
_f1974-
_gСергей Сергеевич
852 _aNLR
_j2019-5/7928
942 _cBOOK
980 _aNBR